Fundamentals of chemistry a modern introduction

Bibliographic Details
Main Author: Brescia, Frank
Format: Section = Libro
Language:Undetermined
Spanish
Published: New York Academic Press 1970
Edition:2a.ed
Subjects:
LEADER 00486nam a2200193Ia 4500
008 240830s9999 xx 000 0 und d
020 |a 12-132370-6 
040 |a CEDOC FIQ-RUSB / 540 F981 
041 |a spa 
082 |a 540 F981 
100 1 |a Brescia, Frank 
245 1 0 |a Fundamentals of chemistry a modern introduction 
250 |a 2a.ed 
260 |a New York  |b Academic Press  |c 1970 
300 |a 796 p. : il 
650 7 |a QUIMICA GENERAL 
942 |c BK  |2 ddc 
991 |a TEXTO 
999 |c 13886